000 01535nam0a22002651 4500
001 rc\354003
005 20250621042913.0
035 _a(NLR Aleph) 005573715
090 _a6038935
_c6038935
100 _a20030307d1989 |||y0rusy50 ca
101 0 _arus
102 _aRU
105 _ay |||||||||
200 1 _aНароды Урала и Поволжья накануне Октябрьской социалистической революции и осуществление ленинской национальной политики
_e(К 70-летию образования Башк. АССР)
_eТез. докл. регион. науч. конф.
_f[Редкол.: Акманов И.Г. (отв. ред.) и др.]
210 _aУфа
_cБашГУ
_d1989
215 _a163 с.
_d20
300 _aВ надзаг.: М-во высш. и сред. спец. образования РСФСР, Ин-т истории СССР АН СССР, Ин-т истории яз. и лит. Башк. науч. центра УрО АН СССР, Башк. гос. ун-т им. 40-летия Октября, Башк. правл. Союза науч. и инж. о-в СССР
320 _aБиблиогр. в конце докл.
702 1 _aАкманов
_bИ.Г.
_gИрек Гайсиевич
_4340
712 0 1 _aРСФСР
_bМ-во высшего и среднего специального образования
801 0 _aRU
_bNLR
_gpsbo
801 1 _aRU
_bELAR
_2rusmarc
852 _aNLR
_j89-3/3320
942 _cBOOK
980 _aNB